P-adic analysis compared with real / (Record no. 30147)

000 -LEADER
fixed length control field 00623 a2200181 4500
020 ## - INTERNATIONAL STANDARD BOOK NUMBER
International Standard Book Number 082184220X
020 ## - INTERNATIONAL STANDARD BOOK NUMBER
International Standard Book Number 9780821842201
082 ## - DEWEY DECIMAL CLASSIFICATION NUMBER
Classification number 512.74
090 ## - LOCALLY ASSIGNED LC-TYPE CALL NUMBER (OCLC); LOCAL CALL NUMBER (RLIN)
-- 1536
-- 1536
100 1# - MAIN ENTRY--PERSONAL NAME
Personal name Katok, Svetlana.
245 10 - TITLE STATEMENT
Title P-adic analysis compared with real /
Statement of responsibility, etc. Svetlana Katok.
260 ## - PUBLICATION, DISTRIBUTION, ETC.
Place of publication, distribution, etc. [S.l.] :
Name of publisher, distributor, etc. American Mathematical Society,
Date of publication, distribution, etc. 2007.
300 ## - PHYSICAL DESCRIPTION
Extent 152 p. ;
Dimensions 22 cm.
490 1# - SERIES STATEMENT
Series statement Student mathematical library.
830 #0 - SERIES ADDED ENTRY--UNIFORM TITLE
Uniform title Student mathematical library.
942 ## - ADDED ENTRY ELEMENTS (KOHA)
Institution code [OBSOLETE] SNS
Koha item type Book
Call number prefix 512.74 KAT
Holdings
Withdrawn status Lost status Damaged status Not for loan Permanent Location Current Location Date acquired Total Checkouts Full call number Barcode Date last seen Price effective from Koha item type
        School of Natural Sciences (SNS) School of Natural Sciences (SNS) 05/26/2016   512.74 KAT SNS0001286 05/26/2016 05/26/2016 Book
© 2023 Central Library, National University of Sciences and Technology. All Rights Reserved.